Rudolph de Harak Graphic Designer: Rational Simplicity (Record no. 13268)

000 -LEADER
fixed length control field 00258 a2200097 4500
020 ## - INTERNATIONAL STANDARD BOOK NUMBER
International Standard Book Number 9780500025383
100 ## - MAIN ENTRY--PERSONAL NAME
Personal name Richard Poulin
245 ## - TITLE STATEMENT
Title Rudolph de Harak Graphic Designer: Rational Simplicity
250 ## - EDITION STATEMENT
Edition statement First Edition
260 ## - PUBLICATION, DISTRIBUTION, ETC.
Name of publisher, distributor, etc. Thames & Hudson
Date of publication, distribution, etc. 2022
Holdings
Withdrawn status Lost status Source of classification or shelving scheme Damaged status Not for loan Permanent Location Current Location Date acquired Source of acquisition Cost, normal purchase price Full call number Barcode Date last seen Cost, replacement price Price effective from Koha item type
          BMS College of Architecture, Design and Planning BMS College of Architecture, Design and Planning 2025-04-25 1 6220.13 741.6POU AR-UG4720 2025-04-25 8293.50 2025-04-25 B.Design
Copyright © 2025, The Librarian, Library and Information Centre, BMSCA D&P, Bengaluru. All Rights Reserved
web counter

Powered by Koha